000 00597nam a2200229Ia 4500
008 180523s9999 xx 000 0 und d
020 _a978-981-0697-28-0
050 _aMAIN HB 171.5
050 _b.C37 2009
100 _aCase, Karl E.
245 0 _aPrinciples of economics /
245 0 _cKarl E. Case, Ray C. Fair, Sharon M. Oster.
250 _a9th Edition
260 _aSingapore :
260 _bPearson Education South Asia,
260 _c2009
300 _a810 pages :
300 _billustrations ;
300 _c25 cm.
500 _aIncludes index.
650 _aEconomics.
999 _c356754
_d356754